000
00263nam a2200085Ia 4500
245
0
_a
Portraits of power : profiles in a changing South Africa
100
_a
GEVISSER, Mark Cape Town, 1996
_9
115397
942
_c
BK
008
210825s9999 xx 000 0 und d
999
_c
561790
_d
561789